[Event "Roquetas de Mar op 35th"]
[Site "Roquetas de Mar"]
[Date "2024.01.07"]
[Round "9"]
[White "Castro Quijano, Eduardo"]
[Black "Huerga Leache, Mikel"]
[Result "1/2-1/2"]
[WhiteElo "2103"]
[BlackElo "2424"]
[PlyCount "104"]
[EventDate "2024.01.02"]
[EventType "swiss"]
[EventRounds "9"]
[EventCountry "ESP"]
[SourceTitle "CB02_2024"]
[SourceDate "2024.01.10"]
[SourceVersion "1"]
[SourceVersionDate "2024.01.10"]
[SourceQuality "1"]

1. e4 e6 2. d4 d5 3. exd5 exd5 4. Bd3 c5 5. c3 Nc6 6. Nf3 Nf6 7. 0-0 Be7 8. dxc5 Bxc5 9. Re1+ Be7 10. Nd4 0-0 11. Nd2 Bg4 12. N2f3 Nxd4 13. cxd4 Bb4 14. Bd2 Bxf3 15. gxf3 Qa5 16. Re2 Bxd2 17. Qxd2 Qxd2 18. Rxd2 Rac8 19. Bc2 Nh5 20. Bb3 Nf4 21. h4 Rc6 22. Kh2 Rg6 23. Rc1 Re8 24. Ba4 Rb8 25. Rdc2 Rg2+ 26. Kh1 h5 27. Bb3 Rd8 28. Rc8 Rxc8 29. Rxc8+ Kh7 30. Rc2 g5 31. hxg5 Rxg5 32. Rc7 Kg7 33. Rxb7 h4 34. Ba4 h3 35. Bd7 Rg2 36. Bxh3 Rxf2 37. Bd7 Kh6 38. Bc6 f5 39. Rxa7 Kg5 40. Rd7 Rxb2 41. Bxd5 Nxd5 42. Rxd5 Kf4 43. Rc5 Rxa2 44. Rc3 Rd2 45. Kg1 Rxd4 46. Kf2 Rd2+ 47. Ke1 Rb2 48. Kf1 Rh2 49. Kg1 Re2 50. Kf1 Re3 51. Rxe3 Kxe3 52. f4 Kxf4 1/2-1/2

[Event "Roquetas de Mar op 35th"]
[Site "Roquetas de Mar"]
[Date "2024.01.05"]
[Round "6"]
[White "Garrido Diaz, Jose Antonio"]
[Black "Castro Quijano, Eduardo"]
[Result "1-0"]
[WhiteElo "2291"]
[BlackElo "2103"]
[PlyCount "107"]
[EventDate "2024.01.02"]
[EventType "swiss"]
[EventRounds "9"]
[EventCountry "ESP"]
[SourceTitle "CB02_2024"]
[SourceDate "2024.01.10"]
[SourceVersion "1"]
[SourceVersionDate "2024.01.10"]
[SourceQuality "1"]

1. e4 e5 2. Nf3 Nf6 3. Nc3 Nc6 4. g3 d5 5. exd5 Nxd5 6. Bg2 Nxc3 7. bxc3 Bd6 8. 0-0 0-0 9. d3 h6 10. Rb1 Rb8 11. Nd2 Bd7 12. Nc4 f5 13. Bd5+ Kh8 14. Nxd6 cxd6 15. Qh5 Qf6 16. f4 Be6 17. fxe5 Nxe5 18. Bg5 Qf7 19. Qxf7 Bxf7 20. Bxf7 Rxf7 21. Be3 b6 22. Rb5 Re8 23. Rd5 Ng4 24. Bd4 Re2 25. h3 Ne3 26. Bxe3 Rxe3 27. Kg2 f4 28. Rxf4 Rxf4 29. gxf4 Re2+ 30. Kf3 Rxc2 31. c4 Rxa2 32. Rxd6 Rh2 33. Rd8+ Kh7 34. Ra8 Rxh3+ 35. Ke4 Rh1 36. Rxa7 h5 37. Rb7 Rb1 38. Kf5 Rd1 39. Ke4 Rb1 40. f5 Kg8 41. Kf4 Rd1 42. Rd7 Rg1 43. Rb7 Rd1 44. Rd7 h4 45. Kg4 Rh1 46. Rd6 h3 47. Kg3 Kf7 48. Rxb6 Rf1 49. Rb5 Kf6 50. Rd5 Rh1 51. c5 Kg5 52. d4 Kf6 53. c6 h2 54. Rc5 1-0

[Event "Benidorm op-A"]
[Site "Benidorm"]
[Date "2023.11.03"]
[Round "7"]
[White "Dauner, Benedikt"]
[Black "Castro Quijano, Eduardo"]
[Result "1/2-1/2"]
[WhiteElo "2389"]
[BlackElo "2127"]
[PlyCount "76"]
[EventDate "2023.10.29"]
[EventType "swiss"]
[EventRounds "9"]
[EventCountry "ESP"]
[SourceTitle "Mega2024 Update 01"]
[Source "Chessbase"]
[SourceDate "2023.11.12"]
[SourceVersion "1"]
[SourceVersionDate "2023.11.12"]
[SourceQuality "1"]

1. d4 Nf6 2. Nf3 d5 3. c3 e6 4. Bf4 c5 5. e3 Nc6 6. Nbd2 Bd6 7. Bg3 0-0 8. Bd3 b6 9. Qe2 Bb7 10. e4 dxe4 11. Nxe4 Nxe4 12. Qxe4 g6 13. 0-0-0 cxd4 14. Nxd4 Nxd4 15. Qxb7 Nf5 16. Bxf5 Qg5+ 17. Rd2 Bxg3 18. hxg3 Qxf5 19. Qf3 Qg5 20. Qf4 Qxf4 21. gxf4 Rfe8 22. Re1 Rad8 23. Red1 Rxd2 24. Rxd2 Re7 25. Kc2 Kg7 26. c4 e5 27. fxe5 Rxe5 28. b4 h5 29. Kd3 Kf6 30. Kd4 Ke6 31. a4 h4 32. f3 Rh5 33. a5 h3 34. gxh3 Rxh3 35. axb6 axb6 36. Ke3 Rh4 37. Rd4 Rxd4 38. Kxd4 g5 1/2-1/2

[Event "ESP-ch U18"]
[Site "Salobrena"]
[Date "2023.08.05"]
[Round "9"]
[White "Castro Quijano, Eduardo"]
[Black "Larranaga Juaristi, Alexander"]
[Result "1-0"]
[WhiteElo "2075"]
[BlackElo "1903"]
[PlyCount "65"]
[EventDate "2023.07.31"]
[EventType "swiss"]
[EventRounds "9"]
[EventCountry "ESP"]
[SourceTitle "CBM 215 Extra"]
[Source "ChessBase"]
[SourceDate "2023.09.30"]
[SourceVersion "1"]
[SourceVersionDate "2023.09.30"]
[SourceQuality "1"]

1. e4 e5 2. Nf3 Nc6 3. d4 exd4 4. Bc4 Bc5 5. c3 Nf6 6. e5 d5 7. Bb5 Ne4 8. cxd4 Bb6 9. Nc3 Bg4 10. Be3 0-0 11. h3 Bxf3 12. gxf3 Nxc3 13. bxc3 Qh4 14. f4 f5 15. Bxc6 bxc6 16. Qa4 Qh5 17. Kd2 Rab8 18. Rab1 Qf3 19. Rhg1 Qe4 20. Qd1 Ba5 21. Rb3 Rxb3 22. axb3 Bxc3+ 23. Kxc3 c5 24. dxc5 Rb8 25. Qd4 Qf3 26. Rg3 Qh1 27. Kc2 Qe1 28. Qxd5+ Kh8 29. Qd2 Qa1 30. Bd4 Qa2+ 31. Bb2 h6 32. Qd7 Rg8 33. e6 1-0

[Event "ESP-ch U18"]
[Site "Salobrena"]
[Date "2023.08.03"]
[Round "6"]
[White "Neagu, Roberto Florin"]
[Black "Castro Quijano, Eduardo"]
[Result "1-0"]
[WhiteElo "2304"]
[BlackElo "2075"]
[PlyCount "70"]
[EventDate "2023.07.31"]
[EventType "swiss"]
[EventRounds "9"]
[EventCountry "ESP"]
[SourceTitle "CBM 215 Extra"]
[Source "ChessBase"]
[SourceDate "2023.09.30"]
[SourceVersion "1"]
[SourceVersionDate "2023.09.30"]
[SourceQuality "1"]

1. Nf3 d5 2. d4 Nf6 3. c4 e6 4. Nc3 Be7 5. Qc2 c6 6. Bg5 Nbd7 7. e3 0-0 8. Bd3 dxc4 9. Bxc4 b5 10. Bd3 Bb7 11. 0-0 a6 12. Rfd1 h6 13. Bh4 Nd5 14. Bxe7 Qxe7 15. Nxd5 cxd5 16. Qc7 Rab8 17. Ne5 Rfd8 18. Rac1 Kf8 19. Nxd7+ Qxd7 20. f4 Rbc8 21. Qxd7 Rxd7 22. Rxc8+ Bxc8 23. Rc1 Bb7 24. Kf2 Ke7 25. Ke2 f5 26. h3 g6 27. Kd2 h5 28. g4 Kf6 29. gxh5 gxh5 30. Rg1 Bc6 31. Rc1 Bb7 32. h4 Rg7 33. Be2 Ke7 34. Rc7+ Kf6 35. Rxg7 Kxg7 1-0

[Event "ESP-ch U18"]
[Site "Salobrena"]
[Date "2023.08.01"]
[Round "3"]
[White "Castro Quijano, Eduardo"]
[Black "Morales Carmona, Jose Manuel"]
[Result "1-0"]
[WhiteElo "2075"]
[BlackElo "1906"]
[PlyCount "59"]
[EventDate "2023.07.31"]
[EventType "swiss"]
[EventRounds "9"]
[EventCountry "ESP"]
[SourceTitle "CBM 215 Extra"]
[Source "ChessBase"]
[SourceDate "2023.09.30"]
[SourceVersion "1"]
[SourceVersionDate "2023.09.30"]
[SourceQuality "1"]

1. e4 c5 2. Nf3 e6 3. d3 d5 4. Nbd2 Nc6 5. g3 Nf6 6. Bg2 Be7 7. 0-0 0-0 8. Re1 dxe4 9. dxe4 e5 10. c3 Qc7 11. Qc2 h6 12. Nc4 Be6 13. Ne3 Rfd8 14. Nh4 Rd7 15. Nef5 Bf8 16. f4 c4 17. Nxh6+ gxh6 18. f5 Ng4 19. Bh3 Bc5+ 20. Kg2 h5 21. Bxg4 hxg4 22. Qe2 Kf8 23. Qxg4 Bd5 24. Bh6+ Ke8 25. Qg8+ Ke7 26. f6+ Kd6 27. Nf5+ Ke6 28. exd5+ Rxd5 29. Qg4 Rd3 30. Nd4+ 1-0

[Event "Villa de Gijon op 6th"]
[Site "Gijon"]
[Date "2022.09.15"]
[Round "8"]
[White "Castro Quijano, Eduardo"]
[Black "Alvarez Fernandez, Enrique"]
[Result "1-0"]
[WhiteElo "2103"]
[BlackElo "2316"]
[PlyCount "72"]
[EventDate "2022.09.10"]
[EventType "swiss"]
[EventRounds "9"]
[EventCountry "ESP"]
[SourceTitle "CBM 210 Extra"]
[Source "ChessBase"]
[SourceDate "2022.11.30"]
[SourceVersion "1"]
[SourceVersionDate "2022.11.30"]
[SourceQuality "1"]

1. c4 e5 2. e3 Nf6 3. Nc3 c6 4. d4 e4 5. d5 Bb4 6. Bd2 Qe7 7. a3 Bd6 8. Nge2 0-0 9. Ng3 g6 10. Rc1 b6 11. Qc2 Re8 12. b4 Na6 13. Be2 Bb7 14. dxc6 dxc6 15. 0-0 h5 16. Rfd1 h4 17. Nf1 h3 18. Ng3 hxg2 19. Be1 Bc7 20. c5 Kg7 21. Qa4 b5 22. Qc2 Qe6 23. Kxg2 Re7 24. Kg1 Rh8 25. Bf1 Qg4 26. Bg2 Bc8 27. Ncxe4 Nxe4 28. Nxe4 Bxh2+ 29. Kf1 Rhe8 30. Bc3+ Be5 31. f4 Bxc3 32. Qxc3+ Kh6 33. Kf2 Qh4+ 34. Ng3 Rxe3 35. Qxe3 Rxe3 36. Rh1 Re8 1-0

[Event "Villa de Gijon op 6th"]
[Site "Gijon"]
[Date "2022.09.13"]
[Round "5"]
[White "Korneev, Oleg"]
[Black "Castro Quijano, Eduardo"]
[Result "1-0"]
[WhiteElo "2460"]
[BlackElo "2103"]
[PlyCount "67"]
[EventDate "2022.09.10"]
[EventType "swiss"]
[EventRounds "9"]
[EventCountry "ESP"]
[SourceTitle "CBM 210 Extra"]
[Source "ChessBase"]
[SourceDate "2022.11.30"]
[SourceVersion "1"]
[SourceVersionDate "2022.11.30"]
[SourceQuality "1"]

1. d4 Nf6 2. Nf3 c5 3. d5 e6 4. Nc3 exd5 5. Nxd5 Nxd5 6. Qxd5 d6 7. Ng5 Qf6 8. Nxh7 Qf5 9. Qxf5 Bxf5 10. Nxf8 Rxf8 11. Bf4 Ke7 12. e4 Be6 13. Be2 Nc6 14. c3 Rfd8 15. f3 a6 16. Kf2 b5 17. Rhd1 f6 18. h4 Rd7 19. g4 Ne5 20. h5 Nf7 21. Be3 Rb8 22. f4 a5 23. b3 Nd8 24. g5 a4 25. Rab1 axb3 26. axb3 b4 27. c4 Nc6 28. Ra1 Rdd8 29. Ra6 Bd7 30. Rg1 Ra8 31. gxf6+ Kxf6 32. Rg6+ Kf7 33. Rxa8 Rxa8 34. Rxd6 1-0

[Event "Villa de Gijon op 6th"]
[Site "Gijon"]
[Date "2022.09.11"]
[Round "2"]
[White "Castro Quijano, Eduardo"]
[Black "Panelo Munoz, Marcelo A"]
[Result "0-1"]
[WhiteElo "2103"]
[BlackElo "2364"]
[PlyCount "54"]
[EventDate "2022.09.10"]
[EventType "swiss"]
[EventRounds "9"]
[EventCountry "ESP"]
[SourceTitle "CBM 210 Extra"]
[Source "ChessBase"]
[SourceDate "2022.11.30"]
[SourceVersion "1"]
[SourceVersionDate "2022.11.30"]
[SourceQuality "1"]

1. e4 c5 2. Nf3 d6 3. d4 cxd4 4. Nxd4 Nf6 5. Nc3 a6 6. Bc4 e6 7. Be3 b5 8. Bb3 Be7 9. Qe2 0-0 10. 0-0-0 b4 11. Na4 Qa5 12. e5 dxe5 13. Nf3 Nbd7 14. g4 Bb7 15. g5 Nd5 16. Rhg1 Bc6 17. Rxd5 exd5 18. Nb6 Bb5 19. Qd1 Nxb6 20. Nxe5 Nc4 21. Qxd5 Nxe3 22. fxe3 Qd8 23. Qe4 Bxg5 24. Rg3 Ra7 25. Rh3 h6 26. c4 bxc3 27. Bc2 Qd2+ 0-1

[Event "ESP-ch U18 Rapid"]
[Site "Salobrena"]
[Date "2022.08.07"]
[Round "8"]
[White "Castro Quijano, Eduardo"]
[Black "Serrano Almendros, Alejandro"]
[Result "1-0"]
[WhiteElo "1761"]
[BlackElo "1835"]
[PlyCount "103"]
[EventDate "2022.08.06"]
[EventType "swiss (rapid)"]
[EventRounds "9"]
[EventCountry "ESP"]
[SourceTitle "EXT 2023"]
[Source "ChessBase"]
[SourceDate "2022.10.05"]
[SourceVersion "1"]
[SourceVersionDate "2022.10.05"]
[SourceQuality "1"]

1. e4 e6 2. d3 d5 3. Nd2 c5 4. Ngf3 Nc6 5. g3 Nf6 6. Bg2 Be7 7. 0-0 b6 8. Re1 Bb7 9. c3 Qc7 10. h4 0-0-0 11. a3 Ba6 12. e5 Nd7 13. d4 Kb8 14. Rb1 Bd3 15. Ra1 cxd4 16. cxd4 Na5 17. b4 Bc2 18. Qe2 Qc3 19. Ra2 Bd3 20. Qe3 Nc4 21. Nxc4 Qxc4 22. Rb2 Bf5 23. Bd2 Rc8 24. Bf1 Qc7 25. Ba6 Ka8 26. Rc1 Qb8 27. Rxc8 Rxc8 28. Bxc8 Qxc8 29. Qc3 Qxc3 30. Bxc3 b5 31. Nd2 Nb6 32. Ra2 Bd3 33. Ra1 g5 34. hxg5 Bxg5 35. f4 Be7 36. Kf2 Kb7 37. Kf3 Kc7 38. g4 Kd7 39. Nf1 Na4 40. Bd2 Be4+ 41. Kg3 a6 42. Ne3 Nb6 43. Rf1 Nc4 44. Nxc4 dxc4 45. f5 exf5 46. gxf5 Kc6 47. Kf4 Bd3 48. Rh1 Kd5 49. Bc3 Bd8 50. Rxh7 Bb6 51. Rxf7 Bxd4 52. Rd7+ 1-0

[Event "ESP-ch U18 Rapid"]
[Site "Salobrena"]
[Date "2022.08.07"]
[Round "5"]
[White "Tabuenca Mendataurigoitia, Daniel"]
[Black "Castro Quijano, Eduardo"]
[Result "1-0"]
[WhiteElo "1906"]
[BlackElo "1761"]
[PlyCount "115"]
[EventDate "2022.08.06"]
[EventType "swiss (rapid)"]
[EventRounds "9"]
[EventCountry "ESP"]
[SourceTitle "EXT 2023"]
[Source "ChessBase"]
[SourceDate "2022.10.05"]
[SourceVersion "1"]
[SourceVersionDate "2022.10.05"]
[SourceQuality "1"]

1. e4 c5 2. Nf3 e6 3. d3 d5 4. Qe2 Nf6 5. g3 Nc6 6. Bg2 Be7 7. 0-0 0-0 8. e5 Nd7 9. c4 d4 10. h4 f6 11. exf6 Nxf6 12. Nbd2 Bd6 13. Ne4 Nxe4 14. Qxe4 Qe7 15. Bg5 Qf7 16. Bd2 h6 17. b4 cxb4 18. Nxd4 Bd7 19. Nb5 Bb8 20. a3 a6 21. axb4 Be5 22. Bc3 Bxc3 23. Nxc3 Nxb4 24. d4 Rac8 25. Qe2 Bc6 26. Rab1 Bxg2 27. Kxg2 Nc6 28. Rfd1 Rc7 29. Ne4 e5 30. dxe5 Nxe5 31. c5 g6 32. f4 Nd7 33. Nd6 Qf6 34. Rxb7 Rfc8 35. Rxc7 Rxc7 36. Ne8 Qc6+ 37. Kh2 Rb7 38. Rd6 Qxc5 39. Rxd7 Rxd7 40. Nf6+ Kf7 41. Nxd7 Qb5 42. Ne5+ Kf6 43. Qc2 g5 44. hxg5+ hxg5 45. Qg6+ Ke7 46. Qxg5+ Ke6 47. Qg6+ Ke7 48. Qf7+ Kd6 49. Qf8+ Kd5 50. Qa8+ Kd4 51. Qa7+ Ke4 52. Qf2 a5 53. Qc2+ Kd4 54. Nf3+ Ke3 55. Kg2 a4 56. Qd2+ Ke4 57. g4 Qc4 58. Ng5# 1-0

[Event "ESP-ch U18 Rapid"]
[Site "Salobrena"]
[Date "2022.08.06"]
[Round "4"]
[White "Castro Quijano, Eduardo"]
[Black "Serrano Ruiz, Lope"]
[Result "1/2-1/2"]
[WhiteElo "1761"]
[BlackElo "1971"]
[PlyCount "167"]
[EventDate "2022.08.06"]
[EventType "swiss (rapid)"]
[EventRounds "9"]
[EventCountry "ESP"]
[SourceTitle "EXT 2023"]
[Source "ChessBase"]
[SourceDate "2022.10.05"]
[SourceVersion "1"]
[SourceVersionDate "2022.10.05"]
[SourceQuality "1"]

1. e4 e5 2. Nf3 Nc6 3. d4 exd4 4. Bc4 Bc5 5. c3 dxc3 6. Bxf7+ Kxf7 7. Qd5+ Ke8 8. Qh5+ g6 9. Qxc5 d6 10. Qxc3 Qf6 11. Bg5 Qxc3+ 12. Nxc3 Bg4 13. Nd5 Rc8 14. Bf6 Bxf3 15. Bxh8 Bxg2 16. Rg1 Bxe4 17. 0-0-0 Kf7 18. Bc3 Nce7 19. Nf4 Nf6 20. h4 h5 21. Nh3 Nh7 22. Rde1 Bf5 23. Nf4 Nf6 24. Re2 Bg4 25. f3 Bf5 26. Rge1 Nfd5 27. Ne6 Bxe6 28. Rxe6 Nf5 29. R6e4 Nxc3 30. bxc3 d5 31. Ra4 Ra8 32. c4 d4 33. c5 a5 34. Re4 Ra6 35. Kd2 Ra7 36. Kd3 b5 37. cxb6 cxb6 38. Rc4 b5 39. Rc5 Rb7 40. Ree5 b4 41. Rxa5 b3 42. Reb5 Rxb5 43. Rxb5 bxa2 44. Ra5 Nxh4 45. Ke4 Kf6 46. Rxa2 Nf5 47. f4 Ng3+ 48. Kf3 Nf5 49. Ra6+ Kf7 50. Ke4 h4 51. Ke5 Kg7 52. Ra7+ Kh6 53. Kf6 Kh5 54. Rh7+ Kg4 55. Kxg6 h3 56. Rh8 d3 57. Ra8 d2 58. Ra1 Ne3 59. f5 d1Q 60. Rxd1 Nxd1 61. f6 h2 62. f7 h1Q 63. f8Q Qe4+ 64. Kg7 Ne3 65. Qc8+ Nf5+ 66. Kf6 Kf4 67. Qc7+ Kf3 68. Qc3+ Ne3 69. Kf7 Qd5+ 70. Kg7 Kf4 71. Qf6+ Ke4 72. Qh4+ Ke5 73. Qg3+ Ke4 74. Qh4+ Kd3 75. Qh3 Qe5+ 76. Kf7 Kd4 77. Qh4+ Kc5 78. Qf2 Kd6 79. Qd2+ Nd5 80. Kg6 Qf6+ 81. Kh5 Qf5+ 82. Kh4 Ke5 83. Qg5 Qxg5+ 84. Kxg5 1/2-1/2

[Event "ESP-ch U18"]
[Site "Salobrena"]
[Date "2022.08.03"]
[Round "4"]
[White "Castro Quijano, Eduardo"]
[Black "Habans Aguerrea, Javier"]
[Result "0-1"]
[WhiteElo "2065"]
[BlackElo "2374"]
[PlyCount "28"]
[EventDate "2022.08.01"]
[EventType "swiss"]
[EventRounds "9"]
[EventCountry "ESP"]
[SourceTitle "EXT 2023"]
[Source "ChessBase"]
[SourceDate "2022.10.05"]
[SourceVersion "1"]
[SourceVersionDate "2022.10.05"]
[SourceQuality "1"]

1. e4 c6 2. Nc3 d5 3. Nf3 dxe4 4. Nxe4 Nf6 5. Qe2 Na6 6. Ne5 Nb4 7. d3 Bf5 8. Ng5 Qa5 9. Ngxf7 Nxd3+ 10. Kd1 Nxe5 11. Qxe5 Rd8+ 12. Bd3 Rd5 13. Nd6+ Kd7 14. Nxb7 Rxd3+ 0-1

[Event "ESP-ch U18"]
[Site "Salobrena"]
[Date "2022.08.03"]
[Round "5"]
[White "Martinez Soriano, Javier"]
[Black "Castro Quijano, Eduardo"]
[Result "0-1"]
[WhiteElo "1932"]
[BlackElo "2065"]
[PlyCount "92"]
[EventDate "2022.08.01"]
[EventType "swiss"]
[EventRounds "9"]
[EventCountry "ESP"]
[SourceTitle "EXT 2023"]
[Source "ChessBase"]
[SourceDate "2022.10.05"]
[SourceVersion "1"]
[SourceVersionDate "2022.10.05"]
[SourceQuality "1"]

1. e4 c5 2. Nf3 e6 3. d4 cxd4 4. Nxd4 Nc6 5. Nc3 Qc7 6. Nb3 Nf6 7. Bd3 a6 8. Qe2 Bd6 9. g3 Be5 10. f4 Nd4 11. Nxd4 Bxd4 12. Bd2 b5 13. e5 Bb7 14. Rf1 b4 15. Nd1 Nd5 16. Rc1 g6 17. c4 bxc3 18. Nxc3 Qb6 19. Ne4 0-0 20. Nd6 f6 21. Nxb7 Qxb7 22. Qe4 fxe5 23. fxe5 Rxf1+ 24. Bxf1 Qxb2 25. Bc4 Rc8 26. Qd3 Bxe5 27. Rb1 Qd4 28. Qxd4 Bxd4 29. Bxd5 exd5 30. Rb7 Bg1 31. h3 d6 32. Rd7 Rc6 33. Bf4 Bc5 34. Bh6 Bd4 35. Kd2 Be5 36. g4 Rc3 37. Bg5 d4 38. Rd8+ Kf7 39. Rd7+ Ke6 40. Rxh7 Ra3 41. Rh6 Kd5 42. Rxg6 Rxa2+ 43. Ke1 d3 44. Bf6 Rh2 45. h4 Bg3+ 46. Kd1 Bf4 0-1

[Event "Oviedo op 8th"]
[Site "Oviedo"]
[Date "2022.07.22"]
[Round "8"]
[White "Siscar Conill, Aitor"]
[Black "Castro Quijano, Eduardo"]
[Result "0-1"]
[WhiteElo "1846"]
[BlackElo "2065"]
[PlyCount "84"]
[EventDate "2022.07.17"]
[EventType "swiss"]
[EventRounds "9"]
[EventCountry "ESP"]
[SourceTitle "CBM 209 Extra"]
[Source "ChessBase"]
[SourceDate "2022.09.30"]
[SourceVersion "1"]
[SourceVersionDate "2022.09.30"]
[SourceQuality "1"]

1. e4 c5 2. Nf3 e6 3. c4 Nc6 4. Nc3 b6 5. d4 cxd4 6. Nxd4 Bb7 7. Be2 Nf6 8. 0-0 Qb8 9. Kh1 Nxd4 10. Qxd4 Bc5 11. Qd3 0-0 12. Bg5 Qe5 13. f4 Qd4 14. Qxd4 Bxd4 15. Bxf6 gxf6 16. Nb5 Bc5 17. Bf3 a6 18. Nc3 Rac8 19. Rad1 Rfd8 20. e5 Bxf3 21. Rxf3 Bb4 22. Ne4 fxe5 23. fxe5 Rxc4 24. Nf6+ Kg7 25. Rg3+ Kh6 26. Rh3+ Kg6 27. Rf1 Bd2 28. b3 Rc3 29. Rxh7 Rc1 30. Rxc1 Bxc1 31. h4 d5 32. h5+ Kf5 33. Rxf7 d4 34. Nd7+ Ke4 35. Nxb6 d3 36. Na4 Rc8 37. Rd7 Bf4 38. g3 Bxe5 39. h6 Bd4 40. h7 Ke3 41. Re7 d2 42. Rxe6+ Kd3 0-1

[Event "ESP-ch U16"]
[Site "Salobrena"]
[Date "2021.07.23"]
[Round "8"]
[White "Castro Quijano, Eduardo"]
[Black "Gomez Pastrana, Juan"]
[Result "1-0"]
[WhiteElo "1828"]
[BlackElo "1705"]
[PlyCount "120"]
[EventDate "2021.07.19"]
[EventType "swiss"]
[EventRounds "9"]
[EventCountry "ESP"]
[SourceTitle "EXT 2022"]
[Source "ChessBase"]
[SourceDate "2021.10.06"]
[SourceVersion "1"]
[SourceVersionDate "2021.10.06"]
[SourceQuality "1"]

1. e4 e6 2. d3 d5 3. Nd2 Nc6 4. Ngf3 e5 5. exd5 Qxd5 6. g3 Nf6 7. Bg2 Bg4 8. 0-0 Qd7 9. Re1 0-0-0 10. Qe2 Nd4 11. Qd1 Qf5 12. h3 Bxf3 13. Nxf3 Bc5 14. g4 Nxf3+ 15. Kh1 Qe6 16. Qxf3 c6 17. Be3 Bb6 18. Bxb6 axb6 19. Qe3 Nd7 20. a4 Kc7 21. b4 Rhe8 22. b5 cxb5 23. axb5 Nc5 24. Qf3 Rd4 25. Ra7 Rb8 26. Re3 Rf4 27. Qxf4 exf4 28. Rxe6 Nxe6 29. Ra4 Rd8 30. Rc4+ Kb8 31. Re4 Rd5 32. Rxe6 fxe6 33. Bxd5 exd5 34. g5 Kc7 35. Kg2 Kd6 36. Kf3 Ke5 37. Kg4 f3 38. c3 d4 39. c4 h6 40. gxh6 gxh6 41. Kxf3 Kf5 42. Kg3 h5 43. f4 Ke6 44. Kf3 Kf5 45. h4 Kf6 46. Ke4 Ke6 47. f5+ Kf6 48. Kf4 Ke7 49. Ke5 Kf7 50. Kxd4 Kf6 51. Ke4 Kf7 52. Ke5 Ke7 53. f6+ Kf7 54. Kf5 Kf8 55. Ke6 Ke8 56. f7+ Kf8 57. d4 Kg7 58. Ke7 Kh7 59. f8Q Kg6 60. Qf6+ Kh7 1-0

[Event "Trevis San Miguel op 26th"]
[Site "Trevis"]
[Date "2020.09.19"]
[Round "2"]
[White "Alvarez Perez, Adan"]
[Black "Castro Quijano, Eduardo"]
[Result "1-0"]
[WhiteElo "1901"]
[BlackElo "1793"]
[PlyCount "75"]
[EventDate "2020.09.19"]
[EventType "swiss"]
[EventRounds "3"]
[EventCountry "ESP"]
[SourceTitle "EXT 2024"]
[Source "ChessBase"]
[SourceDate "2023.10.10"]
[SourceVersion "1"]
[SourceVersionDate "2023.10.10"]
[SourceQuality "1"]

1. d4 Nf6 2. Bf4 g6 3. Nc3 Bg7 4. e4 d6 5. Qd2 0-0 6. 0-0-0 Nc6 7. Bh6 e5 8. d5 Nd4 9. f3 Bxh6 10. Qxh6 Nh5 11. g4 Nf4 12. Nb1 Qf6 13. g5 Qg7 14. Qxg7+ Kxg7 15. c3 Nxf3 16. Nxf3 Bg4 17. Nbd2 f5 18. gxf6+ Rxf6 19. Re1 Raf8 20. Ng1 g5 21. Kc2 h5 22. h3 Bd7 23. Ne2 Kh6 24. Nxf4 exf4 25. Nf3 Rg6 26. e5 Bf5+ 27. Bd3 Bxd3+ 28. Kxd3 dxe5 29. Rxe5 Rfg8 30. Ke4 R8g7 31. c4 Kh7 32. Rg1 Kh6 33. Nd4 Rf7 34. Nf3 g4 35. hxg4 hxg4 36. Nh4 Rg5 37. Rxg5 Kxg5 38. Nf3+ 1-0